Folding patterns for display & publicity = (Record no. 12132)
[ view plain ]
| 000 -CABECERA | |
|---|---|
| campo de control de longitud fija | 01174nam a2200289 4500 |
| 003 - IDENTIFICADOR DEL NÚMERO DE CONTROL | |
| campo de control | OSt |
| 005 - FECHA Y HORA DE LA ÚLTIMA TRANSACCIÓN | |
| campo de control | 20260530113911.0 |
| 008 - DATOS DE LONGITUD FIJA--INFORMACIÓN GENERAL | |
| campo de control de longitud fija | 260423b2002 xxua|||| |||| 00| 0 eng d |
| 020 ## - NÚMERO INTERNACIONAL ESTÁNDAR DEL LIBRO | |
| Número Internacional Estándar del Libro | 9789057680403 |
| 040 ## - FUENTE DE LA CATALOGACIÓN | |
| Centro catalogador/agencia de origen | ICI |
| Lengua de catalogación | spa |
| Centro/agencia transcriptor | ICI |
| 041 ## - CÓDIGO DE LENGUA | |
| Código de lengua del texto/banda sonora o título independiente | eng |
| -- | dut |
| -- | fre |
| -- | spa |
| -- | ita |
| -- | por |
| -- | jpn |
| -- | chi |
| 050 #4 - SIGNATURA TOPOGRÁFICA DE LA BIBLIOTECA DEL CONGRESO | |
| Número de clasificación | TT870 |
| Número de documento/Ítem | W573 |
| 100 1# - ENTRADA PRINCIPAL--NOMBRE DE PERSONA | |
| Nombre de persona | Withers, Laurence K., |
| Término indicativo de función/relación | autor |
| 9 (RLIN) | 33410 |
| 245 10 - MENCIÓN DE TÍTULO | |
| Título | Folding patterns for display & publicity = |
| Resto del título | Diseños de pliegues para presentaciones y publicidad / |
| Mención de responsabilidad, etc. | [designs and drawings by Laurence K. Withers] |
| 246 30 - FORMA VARIANTE DE TÍTULO | |
| Título propio/Titulo breve | Diseños de pliegues para presentaciones y publicidad |
| 264 #1 - PRODUCCIÓN, PUBLICACIÓN, DISTRIBUCIÓN, FABRICACIÓN Y COPYRIGHT | |
| Producción, publicación, distribución, fabricación y copyright | Amsterdam : |
| Nombre del de productor, editor, distribuidor, fabricante | Pepin/Agile Rabbit, |
| Fecha de producción, publicación, distribución, fabricación o copyright | 2002 |
| 300 ## - DESCRIPCIÓN FÍSICA | |
| Extensión | 423 páginas : |
| Otras características físicas | ilustraciones (principalmente a color) + |
| Material acompañante/anejo | CD-ROM (4 3/4 plg.) |
| 336 ## - TIPO DE CONTENIDO | |
| Fuente | rdacontent |
| Término de tipo de contenido | texto |
| 337 ## - TIPO DE MEDIO | |
| Fuente | rdamedia |
| Nombre/término del tipo de medio | sin medio |
| 338 ## - TIPO DE SOPORTE | |
| Fuente | rdacarrier |
| Nombre/término del tipo de soporte | volumen |
| 500 ## - NOTA GENERAL | |
| Nota general | Texto en inglés, alemán, francés, español, italiano, portugués, japones y chino |
| 650 #4 - PUNTO DE ACCESO ADICIONAL DE MATERIA--TÉRMINO DE MATERIA | |
| Término de materia o nombre geográfico como elemento de entrada | Plegado de papel (Diseño gráfico) |
| Subdivisión de forma | Manuales |
| 9 (RLIN) | 33411 |
| 650 #4 - PUNTO DE ACCESO ADICIONAL DE MATERIA--TÉRMINO DE MATERIA | |
| Término de materia o nombre geográfico como elemento de entrada | Envases de papel |
| Subdivisión de forma | Manuales |
| 9 (RLIN) | 33412 |
| 650 #4 - PUNTO DE ACCESO ADICIONAL DE MATERIA--TÉRMINO DE MATERIA | |
| Término de materia o nombre geográfico como elemento de entrada | Envasado |
| Subdivisión general | Diseño |
| 9 (RLIN) | 33413 |
| 650 #4 - PUNTO DE ACCESO ADICIONAL DE MATERIA--TÉRMINO DE MATERIA | |
| Término de materia o nombre geográfico como elemento de entrada | Exhibición de mercancías |
| 9 (RLIN) | 33414 |
| 942 ## - ELEMENTOS DE PUNTO DE ACCESO ADICIONAL (KOHA) | |
| Fuente del sistema de clasificación o colocación | Library of Congress Classification |
| Suprimir en OPAC | 1 |
| Tipo de ítem Koha | |
No items available.